000 00808aas a2200241 4500
999 _c1591
_d1591
003 BR-BrBNA
005 20230317233236.0
007 ta
008 230119b bl ||||| |||| 00| 0 por d
022 _a0101-0565
035 _a000485-5
040 _aBR-BrBNA
_bPor
_cBR-BrBNA
042 _a011455-3
044 _abl
245 _aBoletim Agrometeorológico - Unidade de Execução de Pesquisa de Âmbito Estadual de Rio Branco (Brazil)
260 _aRio Branco-AC
_bUnidade de Execução de Pesquisa de Âmbito Estadual de Rio Branco
_c1980. Data final de publicação em 1990
_eBAC
270 _aCaixa Postal 392 - 69900-000 - Rio Branco - AC
310 _airregular
505 _a1980 1(1doc.danificado); 1984-86 (2); 1990 (4);
650 1 2 _gAGROMETEOROLOGIA
909 _a56
_bSergio Santos
_c56
_dSergio Santos
942 _cCR
_2AGRIS